Statistics for U.S. State Capitals that are the Biggest City in Their State

Click here to take the quiz!

General Stats

  • This quiz has been taken 131 times
  • The average score is 10 of 17

Answer Stats

Capitol% Correct
Atlanta
80%
Boston
79%
Phoenix
77%
Oklahoma City
71%
Denver
66%
Indianapolis
62%
Honolulu
59%
Boise
57%
Salt Lake City
55%
Jackson
53%
Columbus
51%
Providence
50%
Des Moines
48%
Cheyenne
43%
Little Rock
43%
Charleston
39%
Columbia
36%

Score Distribution

Percentile by Number Answered

Percent of People with Each Score

Your Score History

You have not taken this quiz